Wealthiest Countries* in Asia Quiz Stats

 Plays Quiz not verified by Sporcle

Support Sporcle.
Go Orange.
Score 0/10 Timer 05:00
0 Plays Today
GDP per capita (in US Dollars) Country* % Correct
23,400Japan
98.1%
13,300South Korea
91.8%
27,800Singapore
84.8%
16,100Taiwan
81.6%
6,400Thailand
71.5%
10,700Malaysia
66.5%
17,400Brunei
58.9%
23,100Hong Kong
57.6%
6,200Turkey
38.6%
17,500Macau
36.7%

You're not logged in!

Compare scores with friends on all Sporcle quizzes.
OR
Log In
Forgot?

From the Vault

2-Word TV Shows (A-Z)

by sproutcm

These shows are even better than those with 1 or 3 letters.
Remove Ads.
Support Sporcle.
Get the best of Sporcle when you Go Orange. This ad-free experience offers more features, more stats, and more fun while also helping to support Sporcle. Thank you for becoming a member.

Show Comments

Extras

Top Quizzes Today


Score Distribution

Your Account Isn't Verified!

In order to create a playlist on Sporcle, you need to verify the email address you used during registration. Go to your Sporcle Settings to finish the process.

Report this User

Report this user for behavior that violates our Community Guidelines.

Details: